书目信息 |
| 题名: |
当代资本主义
|
|
| 作者: | 阿波斯托尔 主编 ;杜米特雷斯库 , 陆象淦 , 刘开铭 , 托密斯库 | |
| 分册: | ||
| 出版信息: | 北京 生活·读书·新知三联书店 1979.10 |
|
| 页数: | 476页 | |
| 开本: | 19cm | |
| 丛书名: | ||
| 单 册: | ||
| 中图分类: | D04 | |
| 科图分类: | ||
| 主题词: | 无产阶级专政--理论 , 社会主义革命--关系--无产阶级专政 , 社会主义革命--理论 | |
| 电子资源: | ||
| ISBN: | ||
| 000 | 00875nam0 2200265 45 | |
| 001 | 0302250933 | |
| 005 | 20060722111103.51 | |
| 010 | @dCNY1.30 | |
| 091 | @a4002.278 | |
| 100 | @a20030225d1979 km y0chiy0120 ea | |
| 101 | 0 | @achi |
| 200 | 1 | @a当代资本主义@ADang Dai Zi Ben Zhu Yi@f(罗)格·普·阿波斯托尔主编@F(Luo)Ge·Pu·A Bo Si Tuo Er Zhu Bian@g斯特里安·杜米特雷斯库,格·伊·托密斯库@g陆象淦,刘开铭译 |
| 210 | @a北京@c生活·读书·新知三联书店@d1979.10 | |
| 215 | @a476页@d19cm | |
| 606 | 0 | @a无产阶级专政@x理论 |
| 606 | 0 | @a社会主义革命@x关系@x无产阶级专政 |
| 606 | 0 | @a社会主义革命@x理论 |
| 690 | @aD04@v3 | |
| 701 | 0 | @a阿波斯托尔@4主编 |
| 702 | 0 | @a杜米特雷斯库@ADu Mi Te Lei Si Ku |
| 702 | 0 | @a陆象淦@ALu Xiang Gan@4译 |
| 702 | 0 | @a刘开铭@ALiu Kai Ming@4译 |
| 702 | 0 | @a托密斯库@ATuo Mi Si Ku |
| 801 | @aCN@bTSTC@c20060722 | |
| 905 | @dD04@e3@f1@b24971 | |
| 当代资本主义/(罗)格·普·阿波斯托尔主编/斯特里安·杜米特雷斯库,格·伊·托密斯库/陆象淦,刘开铭译.-北京:生活·读书·新知三联书店,1979.10 |
| 476页;19cm |
| ISBN :CNY1.30 |
| ● |
| 相关链接 |
|
|
|
|
正题名:当代资本主义
索取号:D04/3
 
预约/预借
| 序号 | 登录号 | 条形码 | 馆藏地/架位号 | 状态 | 备注 |
| 1 | 0024969 | 001753711 | 密集书库/ [索取号:D04/3] | 在馆 | |
| 2 | 0024971 | 001758663 | 第一样本阅览室/ [索取号:D04/3] | 在馆 | |
| 3 | 0425619 | 204256198 | 密集书库/ [索取号:D04/3] | 在馆 | |
| 4 | 0425620 | 204256205 | 密集书库/ [索取号:D04/3] | 在馆 |